000 00510nam a2200217Ia 4500
003 OSt
005 20220923225629.0
006 a|||||r|||| 00| 0
007 ta
008 Pun
024 _a272,717
037 _cTextual
040 _aARTS
_cARTS
_bPun
041 _2Pun
_aPun
082 _aO153m2'N72, L6
245 0 _aਭਾਈ ਵੀਰ ਸਿੰਘ
260 _c1976
650 _aਪੰਜਾਬੀ ਸਾਹਿਤ
942 _hO153m2'N72, L6
_cTEXL
_2CC
999 _c379562
_d379562